[Event "CZE-ch Betsys Online Blitz"]
[Site "Chess.com INT"]
[Date "2021.04.17"]
[Round "9"]
[White "Kolarik, Tomas"]
[Black "Karasek, Zbynek"]
[Result "0-1"]
[WhiteElo "1717"]
[BlackElo "1584"]
[PlyCount "74"]
[EventDate "2021.04.17"]
[EventType "swiss (blitz)"]
[EventRounds "13"]
[EventCountry "CZE"]
[SourceTitle "CBM 201 Extra"]
[Source "ChessBase"]
[SourceDate "2021.05.31"]
[SourceVersion "1"]
[SourceVersionDate "2021.05.31"]
[SourceQuality "1"]

1. b3 e5 2. Bb2 e4 3. e3 f5 4. d3 Nf6 5. Nd2 d5 6. dxe4 fxe4 7. c4 c6 8. cxd5 cxd5 9. Ne2 Bb4 10. Nd4 0-0 11. Be2 Qa5 12. a3 Bxd2+ 13. Qxd2 Qxd2+ 14. Kxd2 Nc6 15. Rac1 Bd7 16. Bb5 Nxd4 17. Bxd7 Nxb3+ 18. Kc2 Nxc1 19. Be6+ Kh8 20. Rxc1 Rad8 21. Kd2 Rd6 22. Bf5 Rc6 23. Bc3 g6 24. Bh3 Kg7 25. Rb1 b6 26. a4 Kf7 27. a5 g5 28. g3 g4 29. Bf1 Nd7 30. Bb5 Rc7 31. axb6 Nxb6 32. Ba5 Ke6 33. Ba6 Rxf2+ 34. Ke1 Rxh2 35. Bxb6 axb6 36. Rxb6+ Ke5 37. Be2 Rc2 0-1

[Event "CZE-ch Betsys Online Blitz"]
[Site "Chess.com INT"]
[Date "2021.04.17"]
[Round "12"]
[White "Rafaja, Marek1111"]
[Black "Karasek, Zbynek"]
[Result "1-0"]
[WhiteElo "1948"]
[BlackElo "1584"]
[PlyCount "79"]
[EventDate "2021.04.17"]
[EventType "swiss (blitz)"]
[EventRounds "13"]
[EventCountry "CZE"]
[SourceTitle "CBM 201 Extra"]
[Source "ChessBase"]
[SourceDate "2021.05.31"]
[SourceVersion "1"]
[SourceVersionDate "2021.05.31"]
[SourceQuality "1"]

1. d4 f5 2. Bf4 Nf6 3. e3 h6 4. h4 d6 5. Nf3 Nc6 6. c4 e6 7. Nc3 Qe7 8. Be2 Bd7 9. Qc2 0-0-0 10. 0-0-0 Ng4 11. Bg3 e5 12. dxe5 dxe5 13. Nd5 Qe6 14. Rd2 Bd6 15. Rhd1 f4 16. exf4 exf4 17. Bxf4 Nxf2 18. Bxd6 Nxd1 19. Bxc7 Ne3 20. Nxe3 Kxc7 21. Nd5+ Kb8 22. Bd3 Rhf8 23. Re2 Qd6 24. Qc3 Rde8 25. Qxg7 Rxe2 26. Bxe2 Be6 27. Nc3 Rd8 28. Qxh6 Nb4 29. Qe3 Nd3+ 30. Bxd3 Qxd3 31. Qxe6 Qf1+ 32. Kc2 Qf2+ 33. Kb3 Qxg2 34. Qe5+ Ka8 35. Nd4 Qg8 36. Ndb5 Rc8 37. Nc7+ Kb8 38. Na6+ Ka8 39. Qb8+ Rxb8 40. Nc7# 1-0